Researching into learning resources : in colleges and universities

Saved in:
Bibliographic Details
Main Author: Higgins, Chris
Other Authors: Reading, Judy, Taylor, Paul, 1955-
Format: Book
Language:English
Published: London : Kogan Page, c1996.
Series:Practical research series
Subjects:
Tags: Add Tag
No Tags, Be the first to tag this record!

MARC

LEADER 00000cam a2200000 i 4500
001 1/83061
008 990528s1996 enk| ||| |||| ||eng||
020 |a 0749417714 
035 |l 10051253 
040 |a GR-MyUa  |b gre  |e AACR2 
041 0 |a eng 
082 7 |a 378.17028   |2 (22) 
100 1 |a Higgins, Chris. 
245 1 0 |a Researching into learning resources :   |b in colleges and universities /   |c Chris Higgins, Judy Reading and Paul Taylor. 
260 |a London :   |b Kogan Page,   |c c1996. 
300 |a 156 σ. ;   |c 22 εκ. 
490 1 |a (Practical research series) 
650 0 |a Teaching  |x Aids and devices. 
650 0 |a Research  |x Education, Higher. 
700 1 |a Reading, Judy. 
700 1 |a Taylor, Paul,   |d 1955- 
830 0 |a Practical research series 
852 |a INST  |b LESVOS  |e 19990528  |h 378.17028 HIG  |p 005100028914  |q 005100028914  |t BK  |y 0 
901 |a BIBL1-2001-2 
922 |a 1ΕΛΗ  |b 199901  |c ΚΠΣ/ΚΥΒ  |d LEADER 
950 |a 023-1998-09-14 
970 |a ΤΖΑΦΕΡΗ  |b ΕΥΑΓΓΕΛΙΑ  |z 2001/05/18